<?xml version="1.0" encoding="UTF-8"?>
<record
    xmlns:xsi="http://www.w3.org/2001/XMLSchema-instance"
    xsi:schemaLocation="http://www.loc.gov/MARC21/slim http://www.loc.gov/standards/marcxml/schema/MARC21slim.xsd"
    xmlns="http://www.loc.gov/MARC21/slim">

  <leader>01106nam a2200241 a 4500</leader>
  <controlfield tag="001">000054892</controlfield>
  <controlfield tag="005">20200120222932.0</controlfield>
  <controlfield tag="008">080219s1990    ck d   gr0    0     spa d</controlfield>
  <datafield tag="082" ind1="0" ind2="4">
    <subfield code="a">918.614604</subfield>
    <subfield code="b">P17</subfield>
  </datafield>
  <datafield tag="100" ind1="1" ind2=" ">
    <subfield code="a">Pardo D&#xED;az, Fabio Hernando.</subfield>
  </datafield>
  <datafield tag="245" ind1="1" ind2="0">
    <subfield code="a">Choach&#xED; tur&#xED;stico :</subfield>
    <subfield code="b">rutas, leyendas, costumbres y gastronom&#xED;a /</subfield>
    <subfield code="c">Fabio Hernando Pardo D&#xED;az, &#xC9;dgar Fabi&#xE1;n Pulido Gonz&#xE1;lez ; fotograf&#xED;as : Fabi&#xE1;n Pulido ... [et al.] ; colaboraci&#xF3;n especial : Luis Vidal V&#xE9;lez ... [et al.].</subfield>
  </datafield>
  <datafield tag="250" ind1=" " ind2=" ">
    <subfield code="a">1a. ed.</subfield>
  </datafield>
  <datafield tag="260" ind1=" " ind2=" ">
    <subfield code="a">Bogot&#xE1; :</subfield>
    <subfield code="b">Departamento de Cundinamarca. Secretar&#xED;a de Cultura, Turismo y Deporte,</subfield>
    <subfield code="c">[1990].</subfield>
  </datafield>
  <datafield tag="300" ind1=" " ind2=" ">
    <subfield code="a">106 p.</subfield>
  </datafield>
  <datafield tag="650" ind1="1" ind2="4">
    <subfield code="a">Gastronom&#xED;a</subfield>
    <subfield code="z">Choach&#xED; (Cundinamarca, Colombia)</subfield>
  </datafield>
  <datafield tag="651" ind1=" " ind2="4">
    <subfield code="a">Choach&#xED; (Cundinamarca, Colombia)</subfield>
    <subfield code="a">Vida social y costumbres</subfield>
  </datafield>
  <datafield tag="650" ind1="2" ind2="4">
    <subfield code="a">Turismo</subfield>
    <subfield code="z">Choach&#xED; (Cundinamarca, Colombia)</subfield>
  </datafield>
  <datafield tag="651" ind1=" " ind2="4">
    <subfield code="a">Choach&#xED; (Cundinamarca, Colombia)</subfield>
    <subfield code="x">Descripciones y viajes</subfield>
  </datafield>
  <datafield tag="651" ind1=" " ind2="4">
    <subfield code="a">Choach&#xED; (Cundinamarca, Colombia)</subfield>
    <subfield code="x">Historia</subfield>
  </datafield>
  <datafield tag="700" ind1="1" ind2=" ">
    <subfield code="a">Pulido Gonz&#xE1;lez, &#xC9;dgar Fabi&#xE1;n.</subfield>
  </datafield>
  <datafield tag="700" ind1="1" ind2=" ">
    <subfield code="a">Pulido, Fabi&#xE1;n ,</subfield>
    <subfield code="e">fot.</subfield>
  </datafield>
  <datafield tag="700" ind1="1" ind2=" ">
    <subfield code="a">Vidal V&#xE9;lez, Luis,</subfield>
    <subfield code="e">colab.</subfield>
  </datafield>
  <datafield tag="999" ind1=" " ind2=" ">
    <subfield code="c">4462</subfield>
    <subfield code="d">4462</subfield>
  </datafield>
  <datafield tag="952" ind1=" " ind2=" ">
    <subfield code="0">0</subfield>
    <subfield code="1">0</subfield>
    <subfield code="2">ddc</subfield>
    <subfield code="4">0</subfield>
    <subfield code="7">0</subfield>
    <subfield code="8">GEN</subfield>
    <subfield code="a">BPMOS</subfield>
    <subfield code="b">BPMOS</subfield>
    <subfield code="d">2020-01-20</subfield>
    <subfield code="i">108892</subfield>
    <subfield code="l">2</subfield>
    <subfield code="o">918.614604 P17</subfield>
    <subfield code="p">MOS003919</subfield>
    <subfield code="r">2023-08-03</subfield>
    <subfield code="s">2023-07-26</subfield>
    <subfield code="t">ej.1</subfield>
    <subfield code="w">2020-01-20</subfield>
    <subfield code="y">BK</subfield>
    <subfield code="z">Ocho d&#xED;as</subfield>
  </datafield>
</record>
